| 000 | 01148naa a22003017a 4500 | ||
|---|---|---|---|
| 001 | BR9403671 | ||
| 003 | BR-BrBNA | ||
| 005 | 20250721155511.0 | ||
| 007 | ta | ||
| 008 | 250630b bl.|||m| |||| 00| 0 por d | ||
| 040 |
_aBR-BrBNA _bpor _cBiblioteca Nacional de Agricultura |
||
| 041 | _a(Pt) | ||
| 072 | _aP10 | ||
| 090 | _aP10 BR9403671 | ||
| 100 | 1 | _aBrandalise, M. de F.G. | |
| 100 | 1 | _aHaase, J. | |
| 100 | 1 | _aCastro, J.E. de | |
| 245 | 1 | _aDiagnostico da agua, sedimento e peixes do Arroio Umbu e fontes d'agua para consumo humano - Microbacia Piloto do Arroio Umbu | |
| 500 | _aEstudo basico da microbacia do Arroio Umbu - Victor Graeff - RS Porto Alegre, RS (Brasil): 1990. p. 27-37 [5 tables] (BR9403671-AMS) | ||
| 773 | 0 |
_tEstudo basico da microbacia do Arroio Umbu - Victor Graeff - RS _wP10 BR9403671 _gPorto Alegre, RS (Brasil), 1990. p. 27-37 |
|
| 650 | _aAgua | ||
| 650 | _aPeixe | ||
| 650 | _aMicrobacia | ||
| 650 | _aRio Grande do Sul | ||
| 490 |
_aPublicacao - Instituto de Pesquisas de Recursos Naturais Renovaveis Ataliba Paz (Brazil) _vno. 23 |
||
| 942 |
_cAMS _2AGRIS |
||
| 909 |
_a202506 _bLúcia _c55 _dLúcia Elande |
||
| 999 |
_c336857 _d336857 |
||